000 00392nam a2200157Ia 4500
008 240729s9999 xx 000 0 und d
022 _a1744-8069
245 0 _aMolecular Pain
260 _aUnited States
260 _bSAGE Publishing
650 _a Pathology
650 _aMedicine
856 _uhttps://doaj.org/toc/8ecd9f853f04495d9d16c560df2f3c81
942 _2ddc
942 _cDOAJEJ
999 _c67804
_d67804
945 _a1
_bMadushi Gamage
_c1
_dMadushi Gamage